Sklo-keramika-plasty zbožíznalecká příručka

Na minha lista:
Detalhes bibliográficos
Autor principal: Štechmilerová, Zdeňka
Formato: Livro
Idioma:tcheco
Publicado em: Praha Merkur 1983
Assuntos:
Tags: Adicionar Tag
Sem tags, seja o primeiro a adicionar uma tag!

MARC

LEADER 00000nam a2200000 4500
001 c118991
005 20221207070655.9
041 0 |a cze 
044 |a CZ 
245 1 0 |a Sklo-keramika-plasty  |b zbožíznalecká příručka  |c Zdeňka Štechmilerová 
264 1 |a Praha  |b Merkur  |c 1983 
300 |a 131 s. 
610 2 0 |a sklo 
610 2 0 |a keramika 
100 1 |a Štechmilerová, Zdeňka